[Event "Eurasia Blitz Chess Cup"]
[Site "Almaty"]
[Date "2016.06.18"]
[Round "7"]
[White "Kotsur, Pavel"]
[Black "Grischuk, Alexander"]
[Result "0-1"]
[WhiteElo "2552"]
[BlackElo "2747"]
[PlyCount "58"]
[EventDate "2016.06.18"]
[EventType "swiss (blitz)"]
[EventRounds "22"]
[EventCountry "KAZ"]
[SourceTitle "CBM 173 Extra"]
[Source "ChessBase"]
[SourceDate "2016.08.29"]
[SourceVersion "1"]
[SourceVersionDate "2016.08.29"]
[SourceQuality "1"]

1. e4 c6 2. Nc3 d5 3. Nf3 Bg4 4. h3 Bxf3 5. Qxf3 e6 6. d4 dxe4 7. Qxe4 Nd7 8.
g3 g6 9. Bg2 Bg7 10. O-O Ne7 11. Ne2 O-O 12. c3 Re8 13. Rd1 Nf5 14. Qc2 Qb6 15.
a4 a5 16. Bf4 Rad8 17. Rac1 h6 18. h4 e5 19. dxe5 Nxe5 20. h5 Ng4 21. Rf1 Qc5
22. hxg6 fxg6 23. Rcd1 Rxd1 24. Qxd1 h5 25. Qb3+ Kh7 26. Qxb7 Rxe2 27. Qxc6
Qxc6 28. Bxc6 Rxb2 29. c4 Bd4 0-1

[Event "Eurasia Blitz Chess Cup"]
[Site "Almaty"]
[Date "2016.06.18"]
[Round "8"]
[White "Grischuk, Alexander"]
[Black "Kotsur, Pavel"]
[Result "1-0"]
[WhiteElo "2747"]
[BlackElo "2552"]
[PlyCount "53"]
[EventDate "2016.06.18"]
[EventType "swiss (blitz)"]
[EventRounds "22"]
[EventCountry "KAZ"]
[SourceTitle "CBM 173 Extra"]
[Source "ChessBase"]
[SourceDate "2016.08.29"]
[SourceVersion "1"]
[SourceVersionDate "2016.08.29"]
[SourceQuality "1"]

1. e4 e6 2. d4 d5 3. e5 c5 4. c3 Nc6 5. Nf3 Qb6 6. a3 Bd7 7. b4 cxd4 8. cxd4
Rc8 9. Be3 Nh6 10. Bd3 Ng4 11. O-O Be7 12. Qe1 O-O 13. Nc3 Nxe3 14. fxe3 f6 15.
Na4 Qd8 16. exf6 Bxf6 17. Nc5 b6 18. Nxd7 Qxd7 19. Qg3 Ne7 20. Ne5 Qd6 21. Qh3
h6 22. Ng4 Bg5 23. Qh5 Rxf1+ 24. Rxf1 Nf5 25. Qg6 Qd7 26. h4 Bxh4 27. Nxh6+ 1-0

[Event "Eurasia Blitz Chess Cup"]
[Site "Almaty"]
[Date "2016.06.18"]
[Round "9"]
[White "Grischuk, Alexander"]
[Black "Jobava, Baadur"]
[Result "1/2-1/2"]
[WhiteElo "2747"]
[BlackElo "2669"]
[PlyCount "77"]
[EventDate "2016.06.18"]
[EventType "swiss (blitz)"]
[EventRounds "22"]
[EventCountry "KAZ"]
[SourceTitle "CBM 173 Extra"]
[Source "ChessBase"]
[SourceDate "2016.08.29"]
[SourceVersion "1"]
[SourceVersionDate "2016.08.29"]
[SourceQuality "1"]

1. e4 e6 2. d4 d5 3. Nc3 dxe4 4. Nxe4 Bd7 5. Nf3 Bc6 6. Bd3 Nd7 7. Neg5 Qe7 8.
Nxh7 O-O-O 9. Nxf8 Nxf8 10. Qe2 f6 11. Bd2 g5 12. Be4 Qd7 13. Bc3 Ne7 14. O-O-O
Nd5 15. Bd2 g4 16. Ne1 Ne7 17. Bxc6 Qxc6 18. Qxg4 Rg8 19. Qf3 Qxf3 20. Nxf3
Rxg2 21. Be3 Nf5 22. Rdg1 Rxg1+ 23. Rxg1 Kd7 24. c4 Ke8 25. Kc2 Kf7 26. h4 Ng6
27. h5 Nge7 28. Kc3 Rh8 29. Rh1 Nxe3 30. fxe3 Nf5 31. e4 Ng3 32. Rh4 Rxh5 33.
Rxh5 Nxh5 34. b4 Nf4 35. Kd2 Ke7 36. a4 a6 37. Ke3 Ng2+ 38. Kf2 Nf4 39. Ke3
1/2-1/2

[Event "Eurasia Blitz Chess Cup"]
[Site "Almaty"]
[Date "2016.06.18"]
[Round "10"]
[White "Jobava, Baadur"]
[Black "Grischuk, Alexander"]
[Result "0-1"]
[WhiteElo "2669"]
[BlackElo "2747"]
[PlyCount "78"]
[EventDate "2016.06.18"]
[EventType "swiss (blitz)"]
[EventRounds "22"]
[EventCountry "KAZ"]
[SourceTitle "CBM 173 Extra"]
[Source "ChessBase"]
[SourceDate "2016.08.29"]
[SourceVersion "1"]
[SourceVersionDate "2016.08.29"]
[SourceQuality "1"]

1. d4 Nf6 2. Nc3 d5 3. Bf4 c5 4. e3 cxd4 5. exd4 a6 6. Bd3 Nc6 7. Nge2 Bg4 8.
f3 Bh5 9. g4 Bg6 10. h4 e6 11. h5 Bxd3 12. Qxd3 Rc8 13. O-O-O h6 14. Kb1 Be7
15. Bc1 Qa5 16. Qe3 b5 17. b3 Ba3 18. g5 hxg5 19. Qxg5 Bxc1 20. Qxc1 Rxh5 21.
Rxh5 Nxh5 22. Qe3 Nb4 23. Qd2 Qa3 24. Nc1 Ng3 25. Nd3 Rxc3 26. Nxb4 Rxf3 27.
Qe1 Ne4 28. Nd3 b4 29. Nxb4 Nc3+ 30. Ka1 Nxd1 31. Qxd1 Qxb4 32. Qxf3 Qxd4+ 33.
Kb1 g5 34. Qe2 g4 35. Qxa6 Kf8 36. Qc8+ Kg7 37. Qc7 Qe3 38. a4 g3 39. Ka2 g2
0-1

[Event "Eurasia Blitz Chess Cup"]
[Site "Almaty"]
[Date "2016.06.18"]
[Round "11"]
[White "Grischuk, Alexander"]
[Black "Karjakin, Sergey"]
[Result "0-1"]
[WhiteElo "2747"]
[BlackElo "2774"]
[PlyCount "152"]
[EventDate "2016.06.18"]
[EventType "swiss (blitz)"]
[EventRounds "22"]
[EventCountry "KAZ"]
[SourceTitle "CBM 173 Extra"]
[Source "ChessBase"]
[SourceDate "2016.08.29"]
[SourceVersion "1"]
[SourceVersionDate "2016.08.29"]
[SourceQuality "1"]

1. e4 e5 2. Nf3 Nc6 3. Bc4 Bc5 4. O-O Nf6 5. d3 d6 6. a4 a6 7. c3 Ba7 8. Na3
Ne7 9. Nc2 Ng6 10. Be3 O-O 11. Bxa7 Rxa7 12. Ne3 c6 13. Qc2 d5 14. Bb3 Ra8 15.
Rfd1 Re8 16. a5 h6 17. Ba2 Be6 18. b4 Qd7 19. Nd2 Rad8 20. Nb3 Qe7 21. Nc5 Bc8
22. Re1 Nf4 23. Rad1 N6h5 24. f3 Qg5 25. Kh1 Qh4 26. Kg1 Rd6 27. Qf2 Qg5 28.
Kh1 Red8 29. d4 exd4 30. cxd4 Rg6 31. e5 f5 32. Bb1 Rf8 33. g3 Nh3 34. Qg2 f4
35. Bxg6 fxe3 36. Bxh5 Nf2+ 37. Kg1 Qxh5 38. Rxe3 Nxd1 39. Rd3 Nb2 40. Qxb2
Rxf3 41. Rxf3 Qxf3 42. Qf2 Qg4 43. Kg2 Bf5 44. Qf3 Qg6 45. Qf4 Bg4 46. Qf2 Qh5
47. Qe3 Bh3+ 48. Kf2 Qf5+ 49. Qf3 Qc2+ 50. Qe2 Qc3 51. e6 Qxd4+ 52. Qe3 Qb2+
53. Qe2 Qd4+ 54. Qe3 Qb2+ 55. Qe2 Qxb4 56. Nd3 Qd4+ 57. Ke1 Kf8 58. Nf4 Bf5 59.
h4 Qe4 60. Qxe4 Bxe4 61. h5 Ke7 62. Kd2 Bf5 63. Kc3 Bxe6 64. Kd4 Kd6 65. Nd3
Bc8 66. Nc5 Kc7 67. Na4 Bg4 68. Nc5 Bxh5 69. Ne6+ Kd6 70. Nc5 Kc7 71. Ne6+ Kd7
72. Nc5+ Kc8 73. Ke5 Bg4 74. Kf4 h5 75. Kg5 Kc7 76. Kg6 b6 0-1

[Event "Eurasia Blitz Chess Cup"]
[Site "Almaty"]
[Date "2016.06.18"]
[Round "12"]
[White "Karjakin, Sergey"]
[Black "Grischuk, Alexander"]
[Result "0-1"]
[WhiteElo "2774"]
[BlackElo "2747"]
[PlyCount "78"]
[EventDate "2016.06.18"]
[EventType "swiss (blitz)"]
[EventRounds "22"]
[EventCountry "KAZ"]
[SourceTitle "CBM 173 Extra"]
[Source "ChessBase"]
[SourceDate "2016.08.29"]
[SourceVersion "1"]
[SourceVersionDate "2016.08.29"]
[SourceQuality "1"]

1. Nf3 Nf6 2. c4 g6 3. Nc3 Bg7 4. e4 d6 5. d4 O-O 6. h3 e5 7. d5 Nh5 8. g3 Qe7
9. Bg5 f6 10. Bd2 f5 11. exf5 e4 12. Qe2 Re8 13. Bg5 Qf7 14. Nh4 gxf5 15. O-O-O
Na6 16. Qd2 Nc5 17. Bh6 Bf6 18. Be2 Bd7 19. Kb1 a6 20. Ng2 b5 21. g4 Ng7 22.
Rdg1 bxc4 23. gxf5 Kh8 24. Ne3 Rab8 25. Bxc4 Nxf5 26. Nxf5 Bxf5 27. Be3 Nd3 28.
b3 c5 29. Ne2 Rb4 30. Qc2 Reb8 31. Nf4 a5 32. Ne6 a4 33. Bd2 axb3 34. axb3 e3
35. fxe3 Rxc4 36. Qxc4 Ne5+ 37. Qc2 Rxb3+ 38. Kc1 Bxc2 39. Kxc2 Qb7 0-1

[Event "Eurasia Blitz Chess Cup"]
[Site "Almaty"]
[Date "2016.06.18"]
[Round "13"]
[White "Gelfand, Boris"]
[Black "Grischuk, Alexander"]
[Result "1/2-1/2"]
[WhiteElo "2734"]
[BlackElo "2747"]
[PlyCount "136"]
[EventDate "2016.06.18"]
[EventType "swiss (blitz)"]
[EventRounds "22"]
[EventCountry "KAZ"]
[SourceTitle "CBM 173 Extra"]
[Source "ChessBase"]
[SourceDate "2016.08.29"]
[SourceVersion "1"]
[SourceVersionDate "2016.08.29"]
[SourceQuality "1"]

1. d4 Nf6 2. c4 g6 3. g3 Bg7 4. Bg2 O-O 5. Nc3 d6 6. Nf3 Nbd7 7. O-O e5 8. e4
exd4 9. Nxd4 Re8 10. h3 Nc5 11. Re1 Bd7 12. Kh2 h6 13. Nb3 Na4 14. Nxa4 Bxa4
15. Bd2 Nd7 16. Qc1 Ne5 17. Re3 c5 18. Bc3 Bxb3 19. axb3 Nc6 20. Qd1 a5 21. Rd3
Nd4 22. e5 dxe5 23. Bxb7 Rb8 24. Bd5 e4 25. Re3 Qf6 26. Kg2 Qf5 27. Rxa5 Re7
28. Rxc5 Nxb3 29. Rb5 Rxb5 30. cxb5 Bxc3 31. bxc3 Nc5 32. Qd4 Nd3 33. Rxe4 Ne1+
34. Kf1 Nf3 35. Qe3 Rxe4 36. Bxe4 Qxe4 37. Qxe4 Nd2+ 38. Ke2 Nxe4 39. Kd3 Nd6
40. b6 Kf8 41. c4 Nb7 42. Kd4 Ke7 43. Kd5 Kd7 44. c5 Nd8 45. g4 Nc6 46. f4 f6
47. h4 Ne7+ 48. Kd4 Kc6 49. g5 fxg5 50. fxg5 h5 51. Ke5 Nf5 52. Kf6 Nxh4 53.
Kg7 Nf3 54. Kxg6 h4 55. Kf5 h3 56. g6 Nh4+ 57. Kf4 h2 58. g7 h1=Q 59. g8=Q Qf3+
60. Ke5 Qf5+ 61. Kd4 Qxc5+ 62. Kd3 Qd6+ 63. Kc3 Qe5+ 64. Kc2 Qe4+ 65. Kb2 Kxb6
66. Qd8+ Kc5 67. Qa5+ Kd6 68. Qd8+ Ke5 1/2-1/2

[Event "Eurasia Blitz Chess Cup"]
[Site "Almaty"]
[Date "2016.06.18"]
[Round "14"]
[White "Grischuk, Alexander"]
[Black "Gelfand, Boris"]
[Result "1/2-1/2"]
[WhiteElo "2747"]
[BlackElo "2734"]
[PlyCount "91"]
[EventDate "2016.06.18"]
[EventType "swiss (blitz)"]
[EventRounds "22"]
[EventCountry "KAZ"]
[SourceTitle "CBM 173 Extra"]
[Source "ChessBase"]
[SourceDate "2016.08.29"]
[SourceVersion "1"]
[SourceVersionDate "2016.08.29"]
[SourceQuality "1"]

1. e4 c5 2. Nf3 Nc6 3. d4 cxd4 4. Nxd4 Nf6 5. Nc3 e5 6. Ndb5 d6 7. Bg5 a6 8.
Na3 Be6 9. Nc4 Rb8 10. g3 Nd4 11. Ne3 Be7 12. Bxf6 Bxf6 13. Ncd5 Bg5 14. c3 Nc6
15. Bg2 O-O 16. O-O Kh8 17. Qe2 Ne7 18. Rfd1 Nxd5 19. Nxd5 Rc8 20. h4 Bh6 21.
Kh2 Rc5 22. Ne3 Bxe3 23. Qxe3 Qc7 24. Rd2 b5 25. a3 Bb3 26. Bf3 a5 27. Re1 f5
28. exf5 Rxf5 29. Be4 Rf8 30. Qg5 d5 31. Bg2 e4 32. Qe3 Rc6 33. f3 Rh6 34. fxe4
Rxh4+ 35. Kg1 Rg4 36. e5 Re8 37. Rf2 h6 38. Qd3 Bc4 39. Qf3 Rg5 40. e6 Rxg3 41.
Qf7 Re7 42. Qf8+ Kh7 43. Qf5+ Kh8 44. Qf8+ Kh7 45. Qf5+ Kh8 46. Qf8+ 1/2-1/2

[Event "Eurasia Blitz Chess Cup"]
[Site "Almaty"]
[Date "2016.06.19"]
[Round "15"]
[White "Mamedov, Rauf"]
[Black "Grischuk, Alexander"]
[Result "1-0"]
[WhiteElo "2655"]
[BlackElo "2747"]
[PlyCount "95"]
[EventDate "2016.06.18"]
[EventType "swiss (blitz)"]
[EventRounds "22"]
[EventCountry "KAZ"]
[SourceTitle "CBM 173 Extra"]
[Source "ChessBase"]
[SourceDate "2016.08.29"]
[SourceVersion "1"]
[SourceVersionDate "2016.08.29"]
[SourceQuality "1"]

1. d4 Nf6 2. Bf4 g6 3. Nc3 Bg7 4. e4 d6 5. Qd2 Nc6 6. O-O-O O-O 7. Nf3 Bg4 8.
Qe3 Nd7 9. Bg5 Qe8 10. Bh6 Bxf3 11. gxf3 e5 12. Bxg7 Kxg7 13. dxe5 Qxe5 14. Nd5
Nf6 15. Nxc7 Rac8 16. Nd5 Nxd5 17. exd5 Qxe3+ 18. fxe3 Ne5 19. Be2 f5 20. Rd4
Rfe8 21. Kd2 Kf6 22. a4 Re7 23. a5 a6 24. Ra1 g5 25. Ra3 h5 26. Rb3 g4 27. Rb6
gxf3 28. Rxd6+ Kg7 29. Bd3 Ng4 30. Rf4 f2 31. h3 Nxe3 32. Rxf2 Rxc2+ 33. Bxc2
Nc4+ 34. Kc3 Nxd6 35. Bxf5 Re3+ 36. Kd4 Nxf5+ 37. Rxf5 Rxh3 38. d6 Rh1 39. Kc5
Rc1+ 40. Kb6 Rc6+ 41. Kxb7 Rxd6 42. Rxh5 Kf7 43. Rc5 Ke8 44. Rc6 Rd2 45. b4 Rb2
46. Rb6 Kd7 47. Kxa6 Kc7 48. Kb5 1-0

[Event "Eurasia Blitz Chess Cup"]
[Site "Almaty"]
[Date "2016.06.19"]
[Round "16"]
[White "Grischuk, Alexander"]
[Black "Mamedov, Rauf"]
[Result "0-1"]
[WhiteElo "2747"]
[BlackElo "2655"]
[PlyCount "78"]
[EventDate "2016.06.18"]
[EventType "swiss (blitz)"]
[EventRounds "22"]
[EventCountry "KAZ"]
[SourceTitle "CBM 173 Extra"]
[Source "ChessBase"]
[SourceDate "2016.08.29"]
[SourceVersion "1"]
[SourceVersionDate "2016.08.29"]
[SourceQuality "1"]

1. e4 c6 2. Ne2 g6 3. d4 Bg7 4. Nbc3 d6 5. Be3 b5 6. Qd2 Bb7 7. h4 h5 8. Nf4
Nd7 9. O-O-O Ngf6 10. f3 Qc7 11. Kb1 a6 12. Nh3 c5 13. Ng5 O-O 14. g4 Rad8 15.
gxh5 Nxh5 16. Rg1 Ndf6 17. Bh3 e5 18. d5 Bc8 19. Ne2 b4 20. Ng3 Bxh3 21. Nxh3
Nxg3 22. Rxg3 a5 23. Bg5 Nh5 24. Bxd8 Rxd8 25. Rg4 c4 26. Qg2 b3 27. Rg5 bxa2+
28. Ka1 Nf4 29. Nxf4 exf4 30. c3 a4 31. h5 a3 32. hxg6 axb2+ 33. Qxb2 f5 34.
Rxf5 Rb8 35. Qa3 Qb7 36. Kxa2 Ra8 37. Qxa8+ Qxa8+ 38. Kb2 Qb7+ 39. Kc1 Bxc3 0-1

[Event "Eurasia Blitz Chess Cup"]
[Site "Almaty"]
[Date "2016.06.19"]
[Round "17"]
[White "Grischuk, Alexander"]
[Black "Ponomariov, Ruslan"]
[Result "1-0"]
[WhiteElo "2747"]
[BlackElo "2706"]
[PlyCount "101"]
[EventDate "2016.06.18"]
[EventType "swiss (blitz)"]
[EventRounds "22"]
[EventCountry "KAZ"]
[SourceTitle "CBM 173 Extra"]
[Source "ChessBase"]
[SourceDate "2016.08.29"]
[SourceVersion "1"]
[SourceVersionDate "2016.08.29"]
[SourceQuality "1"]

1. c4 c5 2. g3 g6 3. Bg2 Bg7 4. Nc3 Nc6 5. a3 b6 6. b4 Bb7 7. Rb1 Rb8 8. Nf3
Nf6 9. O-O O-O 10. e3 cxb4 11. axb4 d5 12. cxd5 Nxd5 13. Nxd5 Qxd5 14. d4 Qd7
15. Ba3 Rfd8 16. Qe2 a5 17. bxa5 bxa5 18. Rfc1 Ba8 19. Rxb8 Rxb8 20. Nd2 Nb4
21. Bxa8 Rxa8 22. Qc4 Qa4 23. Bxb4 Qxb4 24. Qxb4 axb4 25. Rb1 Rb8 26. Kf1 f5
27. f4 Kf7 28. Ke2 Ke6 29. Kd3 Kd5 30. Rc1 Bf6 31. Rc5+ Ke6 32. Kc4 g5 33. Nb3
gxf4 34. gxf4 Bh4 35. Re5+ Kf6 36. Nc5 Rg8 37. Nd7+ Kf7 38. Rxf5+ Ke6 39. Rd5
Be1 40. f5+ Kf7 41. e4 Rg2 42. e5 Rc2+ 43. Kd3 Rxh2 44. e6+ Kg7 45. Rb5 b3 46.
d5 b2 47. d6 Bh4 48. f6+ Bxf6 49. Nxf6 Kxf6 50. d7 Rh1 51. Rxb2 1-0

[Event "Eurasia Blitz Chess Cup"]
[Site "Almaty"]
[Date "2016.06.19"]
[Round "18"]
[White "Ponomariov, Ruslan"]
[Black "Grischuk, Alexander"]
[Result "1/2-1/2"]
[WhiteElo "2706"]
[BlackElo "2747"]
[PlyCount "89"]
[EventDate "2016.06.18"]
[EventType "swiss (blitz)"]
[EventRounds "22"]
[EventCountry "KAZ"]
[SourceTitle "CBM 173 Extra"]
[Source "ChessBase"]
[SourceDate "2016.08.29"]
[SourceVersion "1"]
[SourceVersionDate "2016.08.29"]
[SourceQuality "1"]

1. e4 c6 2. d4 d5 3. Nc3 dxe4 4. Nxe4 Bf5 5. Ng3 Bg6 6. c3 e6 7. Nh3 Bd6 8. Nf4
Nf6 9. h4 Bxf4 10. Bxf4 h6 11. h5 Bh7 12. Bc4 Nbd7 13. Qe2 O-O 14. O-O Re8 15.
Rfe1 Nd5 16. Bd2 Qh4 17. Nf1 N7f6 18. Bb3 Qxh5 19. Qxh5 Nxh5 20. c4 Ne7 21.
Rad1 Nf6 22. Ne3 Rad8 23. Bc3 Nf5 24. Nxf5 Bxf5 25. f3 h5 26. Kf2 b5 27. cxb5
cxb5 28. d5 Nxd5 29. Bxd5 exd5 30. Rxe8+ Rxe8 31. Rxd5 Bb1 32. Rxh5 a6 33. Rg5
g6 34. a3 Re6 35. Rc5 f6 36. Rc7 Bd3 37. g4 g5 38. Bd4 Bc4 39. b4 Rd6 40. Bc3
Kf8 41. Ra7 Ke8 42. Kg3 Be2 43. Kf2 Bc4 44. Kg3 Be2 45. Kf2 1/2-1/2

[Event "Eurasia Blitz Chess Cup"]
[Site "Almaty"]
[Date "2016.06.19"]
[Round "19"]
[White "Nepomniachtchi, Ian"]
[Black "Grischuk, Alexander"]
[Result "1-0"]
[WhiteElo "2719"]
[BlackElo "2747"]
[PlyCount "127"]
[EventDate "2016.06.18"]
[EventType "swiss (blitz)"]
[EventRounds "22"]
[EventCountry "KAZ"]
[SourceTitle "CBM 173 Extra"]
[Source "ChessBase"]
[SourceDate "2016.08.29"]
[SourceVersion "1"]
[SourceVersionDate "2016.08.29"]
[SourceQuality "1"]

1. e4 c6 2. Nc3 d5 3. Nf3 Bg4 4. h3 Bxf3 5. Qxf3 e6 6. Be2 Nf6 7. O-O Bc5 8.
Rd1 Bd4 9. exd5 exd5 10. Bf1 O-O 11. Ne2 Bb6 12. Ng3 Re8 13. d4 Nbd7 14. c3 Ne4
15. Nxe4 Rxe4 16. Bd3 Re8 17. Bd2 Nf6 18. Re1 Bc7 19. g3 Bd6 20. Bg5 Rxe1+ 21.
Rxe1 h6 22. Bd2 Qd7 23. Bf5 Qc7 24. h4 Re8 25. Rxe8+ Nxe8 26. h5 Qe7 27. Qe3
Kf8 28. Qxe7+ Bxe7 29. Bf4 Bd6 30. Be3 Bc7 31. Kg2 Ke7 32. g4 Nd6 33. Bd3 f6
34. f4 b5 35. Kf3 a5 36. b3 Bb6 37. Bd2 Bc7 38. Be1 Bb6 39. Bh4 Ke6 40. Be1 Ke7
41. Bd2 Bc7 42. Bc1 Bb6 43. Ba3 Ke6 44. Bh7 Ba7 45. Bg6 b4 46. Bb2 Nb5 47. cxb4
Bxd4 48. Bxd4 Nxd4+ 49. Ke3 Nb5 50. bxa5 c5 51. a4 Na7 52. Be8 Kd6 53. Bb5 Ke6
54. Kd3 Kd6 55. Kc3 Ke6 56. b4 Kd6 57. a6 Nc8 58. Bf1 d4+ 59. Kb3 cxb4 60. Kxb4
Na7 61. Bg2 d3 62. Kc3 Kc5 63. Kxd3 Kb4 64. Ke4 1-0

[Event "Eurasia Blitz Chess Cup"]
[Site "Almaty"]
[Date "2016.06.19"]
[Round "20"]
[White "Grischuk, Alexander"]
[Black "Nepomniachtchi, Ian"]
[Result "0-1"]
[WhiteElo "2747"]
[BlackElo "2719"]
[PlyCount "92"]
[EventDate "2016.06.18"]
[EventType "swiss (blitz)"]
[EventRounds "22"]
[EventCountry "KAZ"]
[SourceTitle "CBM 173 Extra"]
[Source "ChessBase"]
[SourceDate "2016.08.29"]
[SourceVersion "1"]
[SourceVersionDate "2016.08.29"]
[SourceQuality "1"]

1. c4 Nf6 2. g3 g6 3. Bg2 Bg7 4. Nc3 c6 5. e4 O-O 6. Nge2 a6 7. O-O b5 8. d3 d6
9. h3 Nbd7 10. Be3 Rb8 11. Rb1 Bb7 12. b4 bxc4 13. dxc4 c5 14. b5 Ne5 15. Qb3
axb5 16. cxb5 Qa5 17. a4 Rfc8 18. Rfd1 Ba8 19. Qa2 Ned7 20. Bd2 Nb6 21. Nd5
Bxd5 22. Qxd5 Qxa4 23. Qd3 Nfd7 24. Nc3 Qc4 25. Qe3 Bd4 26. Qe1 Ne5 27. Qe2
Bxc3 28. Qxc4 Nbxc4 29. Bxc3 Na3 30. Rb3 Nxb5 31. Bxe5 c4 32. Rxb5 Rxb5 33. Bc3
Rb3 34. Rc1 Rcb8 35. Rc2 e6 36. Bf6 Rc8 37. Kf1 Kf8 38. Ke2 Ke8 39. Bc3 Kd7 40.
Kd2 Ra3 41. Rb2 Kc6 42. h4 h5 43. Kc2 Rca8 44. Rb1 Ra2+ 45. Bb2 R8a3 46. Bf1 c3
0-1

[Event "Eurasia Blitz Chess Cup"]
[Site "Almaty"]
[Date "2016.06.19"]
[Round "21"]
[White "Grischuk, Alexander"]
[Black "Onischuk, Vladimir"]
[Result "0-1"]
[WhiteElo "2747"]
[BlackElo "2613"]
[PlyCount "120"]
[EventDate "2016.06.18"]
[EventType "swiss (blitz)"]
[EventRounds "22"]
[EventCountry "KAZ"]
[SourceTitle "CBM 173 Extra"]
[Source "ChessBase"]
[SourceDate "2016.08.29"]
[SourceVersion "1"]
[SourceVersionDate "2016.08.29"]
[SourceQuality "1"]

1. e4 d6 2. d4 Nf6 3. Nc3 g6 4. Bf4 c6 5. Qd2 Nbd7 6. e5 Nh5 7. e6 fxe6 8. Be3
Bg7 9. O-O-O Nhf6 10. Nf3 b5 11. Bh6 Bxh6 12. Qxh6 b4 13. Ne2 Qa5 14. Kb1 Nb6
15. Nf4 Nbd5 16. Bc4 Rb8 17. Bb3 Nxf4 18. Qxf4 Qf5 19. Qh6 Ng4 20. Qd2 a5 21.
Rhe1 Nf6 22. Qh6 Bd7 23. h3 Nd5 24. Ng5 Qf8 25. Qh4 Qf6 26. Qh6 Ra8 27. Bxd5
exd5 28. Re3 Qf8 29. Qh4 h6 30. Ne6 Bxe6 31. Rxe6 g5 32. Qg4 Kd8 33. Rde1 Ra7
34. Qe2 Rh7 35. Qd3 Rf7 36. f3 Rf6 37. R6e3 Qf7 38. Qd2 Rf4 39. c3 Rb7 40. cxb4
axb4 41. Ka1 Qf6 42. Rd3 e5 43. dxe5 dxe5 44. Rde3 Rd4 45. Qc2 Rc4 46. Qa4 Re7
47. Qa8+ Kd7 48. Qb7+ Ke8 49. Qb8+ Kf7 50. g3 Kg7 51. Qd8 e4 52. f4 d4 53. R3e2
d3 54. Rd2 Rd4 55. Qc8 e3 56. Rdd1 d2 57. Re2 Rc4 58. Kb1 gxf4 59. gxf4 Qe6 60.
Rg1+ Kh7 0-1

[Event "Eurasia Blitz Chess Cup"]
[Site "Almaty"]
[Date "2016.06.19"]
[Round "22"]
[White "Onischuk, Vladimir"]
[Black "Grischuk, Alexander"]
[Result "1-0"]
[WhiteElo "2613"]
[BlackElo "2747"]
[PlyCount "78"]
[EventDate "2016.06.18"]
[EventType "swiss (blitz)"]
[EventRounds "22"]
[EventCountry "KAZ"]
[SourceTitle "CBM 173 Extra"]
[Source "ChessBase"]
[SourceDate "2016.08.29"]
[SourceVersion "1"]
[SourceVersionDate "2016.08.29"]
[SourceQuality "1"]

1. e4 c6 2. d4 d5 3. e5 Bf5 4. h4 h5 5. Bd3 Bxd3 6. Qxd3 e6 7. Bg5 Qa5+ 8. Nd2
c5 9. Ngf3 Nc6 10. O-O cxd4 11. Nb3 Qa6 12. Nbxd4 Qxd3 13. cxd3 Kd7 14. Rac1
Rc8 15. Be3 Nh6 16. Nxc6 bxc6 17. Bxa7 Ra8 18. Be3 Be7 19. a3 Nf5 20. g3 Rhb8
21. Rc2 Rb3 22. Rd1 Rab8 23. Bc1 f6 24. Kf1 Bd8 25. Ke2 Bc7 26. d4 fxe5 27.
Nxe5+ Bxe5 28. dxe5 R8b5 29. Rd3 c5 30. Rxb3 Nd4+ 31. Kd1 Nxb3 32. Rc3 Kc6 33.
Rf3 d4 34. Rf7 Kd5 35. Rxg7 c4 36. g4 hxg4 37. h5 Ke4 38. h6 Nxc1 39. h7 Rxb2
1-0

[Event "Wenzhou m"]
[Site "Wenzhou"]
[Date "2016.07.20"]
[Round "2"]
[White "Grischuk, Alexander"]
[Black "Ding, Liren"]
[Result "1/2-1/2"]
[WhiteElo "2747"]
[BlackElo "2778"]
[PlyCount "121"]
[EventDate "2016.07.19"]
[EventType "match"]
[EventRounds "4"]
[EventCountry "CHN"]
[SourceTitle "CBM 174"]
[Source "ChessBase"]
[SourceDate "2016.09.13"]
[SourceVersion "1"]
[SourceVersionDate "2016.09.13"]
[SourceQuality "1"]

1. c4 c6 2. d4 d5 3. Nf3 Nf6 4. e3 e6 5. Bd3 Nbd7 6. b3 Bd6 7. Bb2 b6 8. Nbd2
Bb7 9. O-O O-O 10. Qe2 c5 11. Rad1 cxd4 12. Nxd4 Nc5 13. Bb1 Re8 14. cxd5 exd5
15. Nf5 Ba6 16. Nc4 Be5 17. Bxe5 Rxe5 18. Qb2 Re6 19. Rfe1 Qf8 20. Ne5 g6 21.
Ng3 Nce4 22. Nxe4 dxe4 23. Nd7 Nxd7 24. Rxd7 Bb5 25. Rd4 Bc6 26. Red1 Qg7 27.
Qd2 Qe5 28. h3 Kg7 29. b4 a5 30. Bc2 axb4 31. Bb3 Rf6 32. Qxb4 Qa5 33. Qe7 Qa7
34. Qe5 Re8 35. Qg3 Qe7 36. Rd6 Rc8 37. Rxf6 Qxf6 38. Rd6 Qe7 39. h4 b5 40. h5
Be8 41. h6+ Kf8 42. Rd1 Rc5 43. Qb8 Qc7 44. Qa8 Rh5 45. Rd8 Qh2+ 46. Kf1 Qe5
47. g3 Rxh6 48. Kg2 g5 49. Qc8 Qe7 50. a4 Rc6 51. Qxc6 Qxd8 52. Qh6+ Kg8 53. a5
Qxa5 54. Qxg5+ Kf8 55. Qc5+ Kg8 56. Qg5+ Kf8 57. Qc5+ Kg8 58. Qe7 Qa8 59. Qg5+
Kf8 60. Qc5+ Kg8 61. Qg5+ 1/2-1/2

[Event "Wenzhou m"]
[Site "Wenzhou"]
[Date "2016.07.21"]
[Round "3"]
[White "Ding, Liren"]
[Black "Grischuk, Alexander"]
[Result "1/2-1/2"]
[WhiteElo "2778"]
[BlackElo "2747"]
[PlyCount "111"]
[EventDate "2016.07.19"]
[EventType "match"]
[EventRounds "4"]
[EventCountry "CHN"]
[SourceTitle "CBM 174"]
[Source "ChessBase"]
[SourceDate "2016.09.13"]
[SourceVersion "1"]
[SourceVersionDate "2016.09.13"]
[SourceQuality "1"]

1. d4 Nf6 2. c4 g6 3. g3 Bg7 4. Bg2 O-O 5. Nc3 d6 6. Nf3 Nc6 7. O-O e5 8. d5
Nb8 9. e4 a5 10. Rb1 Na6 11. Re1 Nc5 12. b3 Bd7 13. a3 a4 14. b4 Nb3 15. Bb2
Bh6 16. Na2 Nh5 17. Nc1 f5 18. Nxb3 axb3 19. Bc1 f4 20. c5 Qf6 21. c6 bxc6 22.
dxc6 Bxc6 23. Rxb3 Ba4 24. Qd5+ Kh8 25. Rc3 c6 26. Qd2 Rad8 27. Bb2 Qe6 28. Rd3
Bb5 29. Bxe5+ Kg8 30. Rxd6 fxg3 31. Bh3 Qf7 32. Qc3 Rxd6 33. Bxd6 Bg7 34. Qe3
gxf2+ 35. Qxf2 Qxf3 36. Be6+ Kh8 37. Bxf8 Qxf8 38. Qxf8+ Bxf8 39. Rd1 Nf4 40.
Bb3 Be7 41. Rd7 Bf6 42. a4 Bd4+ 43. Rxd4 Ne2+ 44. Kf2 Nxd4 45. axb5 cxb5 46.
Bd1 Kg7 47. Ke3 Nc6 48. Be2 Nxb4 49. Bxb5 Kf6 50. Kf4 g5+ 51. Kg4 Nc2 52. e5+
Kxe5 53. Kxg5 Nd4 54. Bd3 Nf3+ 55. Kh6 Nxh2 56. Bxh7 1/2-1/2